000 00878nam a2200217Ii 4500
003 JO-AjNU
008 230605s9999||||xx |||||||||||||| ||und||
017 _a2021/10/5961
040 _aJO-AjNU
_bara
_erda
_cJO-AjNU
041 _aara
050 1 4 _aBP173.75.S26 2022
100 3 _aسمحان، حسين محمد,
_eauthor
_963837
245 0 0 _aمحاسبة المصارف الاسلامية في ضوء معايير ايوفي
250 _aط5
264 3 1 _aعمان: دار المسيرة للنشر والتوزيع, 2022
300 _a448ص
_bيحتوي على جداول توضيحية
336 _atext
_btxt
_2rdacontent
337 _aunmediated
_bn
_2rdamedia
338 _avolume
_bnc
_2rdacarrier
650 4 _aالمحاسبة الاسلامية-المضاربة-اقتصاد اسلامي-البنوك الاسلامية-الشريعة الاسلامية
_963838
999 _aA28977
_c32545
_d32545